000 00318cam a22001331 4500
040 _cPCvA
082 _a540 CLA 1959 A111 Or.
100 1 _aCragg, L. H.
245 0 4 _aThe elements of chemistry
260 _aToronto,
_bClarke, Irwin,
_c1959.
300 _a312 p.
_billus.
_c25 cm.
650 0 _aChemistry.
942 _cEK
999 _c16676
_d16676